|
|
|
|
| LEADER |
00000nam a22000007a 4500 |
| 005 |
20190918224337.0 |
| 007 |
cr|||| |||| |
| 008 |
190918s2019 ke |||||s|||| 00||0 eng d |
| 020 |
|
|
|a 9783659220043
|
| 035 |
|
|
|a 28956
|
| 040 |
|
|
|a vLex
|
| 090 |
|
|
|c 9566
|d 9566
|
| 100 |
1 |
|
|a Osebe Agasa, Edwin
|
| 245 |
1 |
3 |
|a The Iron Cage
|h [Recurso electrn̤ico] :
|b The Psycho-Social Effects of Incarceration on Kenyan Inmates /
|c Edwin Osebe Agasa
|
| 256 |
|
|
|a Servicio en ln̕ea
|
| 260 |
|
|
|a Nairobi:
|b Lambert Academic Publishing,
|c 2019
|
| 300 |
|
|
|a 1 recurso electrn̤ico
|
| 500 |
|
|
|a This study was an attempt to establish the effects of imprisonment on inmates in Kenya. These effects were classified into five groups: Social, Economic, Psychological, Physical and Health effects. The study was conducted at two prisons; Industrial Area Remand and Lang’ata Women’s prisons. This research was grounded on the assumptions of the classical theory of punishment that states that crime is a rational behaviour that individuals enter into knowing all the consequences of their action. This involves a cost benefit analysis; pleasure versus pain. The choice is directed towards the maximization of pleasure. On the other hand, the rehabilitation model asserts that these choices are not a matter of free will but are influenced by an individual’s personal surrounding, psychological make-up and biological composition. This study was descriptive in design and used both probability and non-probability sampling procedures. The respondents under study were 58 in number; 34 males and 24 females. Both qualitative and quantitative methods of data collection were used in this study.
|
| 506 |
1 |
|
|a Disponible solo en los productos indicados
|d vLex Global
|d vLex Global (Academic Edition, excluding Law Schools)
|d vLex Global (U.S. Academic Edition, Law Schools)
|d vLex Global (U.S. Academic Edition, excluding Law Schools)
|d vLex Global (Academic Edition, Law Schools)
|
| 650 |
0 |
4 |
|a Derecho Penal
|z Kenia
|
| 740 |
0 |
|
|a vLex Libros (Servicio en ln̕ea)
|
| 856 |
4 |
0 |
|u http://vlex.com/source/28956
|z Acceso restringido
|
| 942 |
|
|
|c BOOK
|
| 999 |
0 |
|
|a Criminal law
|